Boletín de la Sociedad Económica Barcelonesa de Amigos del País
Descripción Física:
1 exemplar : periodicitat desconeguda ; 25 cm
MARC
| LEADER | 00000nas a2200000 a 4500 | ||
|---|---|---|---|
| 001 | 27761 | ||
| 003 | Arxiu | ||
| 005 | 20260324175804.0 | ||
| 008 | 160829d1881 spc xx spc c | ||
| 040 | |a AGDB | ||
| 080 | |a Revistes | ||
| 245 | 0 | 0 | |a Boletín de la Sociedad Económica Barcelonesa de Amigos del País |
| 260 | |a Barcelona : |b Imprenta de L. Domenech, |c 1881- | ||
| 300 | |a 1 exemplar : |b periodicitat desconeguda ; |c 25 cm | ||
| 310 | |a Desconeguda | ||
| 590 | |a Periodicitat desconeguda. | ||
| 590 | |a Descripció basada en: Any 11, núm. 19 (des. 1881). | ||
| 590 | |a Prové de la caixeta de Casa de Caritat, any 1881, núm. 2311, exp. 2328. | ||
| 590 | |a Hi ha un duplicat a: DUP-73-23 | ||
| 610 | 2 | 0 | |9 53272 |a Societat Econòmica Barcelonesa d'Amics del País |
| 650 | 0 | |a Economia |9 41405 |z Barcelona (Catalunya) |v Revistes | |
| 655 | 0 | |9 55823 |a Revistes | |
| 710 | 2 | |a Societat Econòmica Barcelonesa d'Amics del País |9 53272 |e entitat editora | |
| 866 | |a Any 11, 1881 (19) | ||
| 901 | |a Arxiu | ||
| 942 | |n 1 |2 udc |c REV | ||
| 952 | |0 0 |1 0 |4 0 |6 REV2087 |7 1 |9 50197 |a Arxiu |b Arxiu |d 2023-04-25 |h Any XI, núm. 19 (desembre 1881) |o Rev-2087 |p 27761 |r 2016-12-01 00:00:00 |w 2016-12-01 |y ARXIU | ||
| 999 | |c 54039 |d 54039 | ||